000 00297nam a22001337a 4500
008 180221b xxu||||| |||| 00| 0 eng d
020 _a9780130974259
041 _aeng
080 _a37
100 _a47
101 _aEDU
245 _aAction research in education
_cStringer,E
942 _2udc
_cBK
999 _c43064
_d43064